| 000 | 00645nam a2200193 i 4500 | ||
|---|---|---|---|
| 001 | 136925 | ||
| 003 | ES-MaACL | ||
| 005 | 20230906195249.0 | ||
| 007 | t| | ||
| 008 | 070214s1975 sp r ||||1| spa d | ||
| 100 | 1 |
_aSaint Cricq, Jean. _9101516 |
|
| 245 | 1 | 0 |
_aMerchandising / _cJean Saint Cricq, O. Bruel ; prólogo de Roberto Herreros Asin ; traducción de José Manuel Muñoz Peláez. |
| 260 |
_aMadrid : _bPirámide, _c1975. |
||
| 300 |
_a262 p. : _bil. ; _c23 cm. |
||
| 700 | 1 |
_aBruel, O. _932072 |
|
| 700 | 1 |
_aHerreros Asin, Roberto. _963358 |
|
| 700 | 1 |
_aMuñoz Peláez, José Manuel. _9130322 |
|
| 852 |
_aES-MaACL _jE-8565 _bR.93077 |
||
| 999 |
_c136925 _d136925 |
||